000 00612nam a2200217 a 4500
001 BRCA_1690
005 20190320203517.0
008 820106s1980 mx-a---###---#000-0#spa-#
020 _a9681609042
040 _aDLC
_cDLC
_dDLC
041 _aspanah
050 4 _aF1219.56
_b.C63 1980
245 1 0 _aCódice Borgia
_ctraducción Mariana Frenk.
260 _aMéxico
_bFCE
_c1963
_g1980
300 _a76 p.
_bil. a color
_c29 cm.
440 0 _aSección de obras de antropología
_95285
650 1 4 _aMitología Azteca
_92487
650 1 4 _aCalendario azteca
_9777
700 1 _aFrenk, Mariana
_95286
942 _2lcc
_cB
999 _c1482
_d1482